=LDR 00000nam 2200000 4500 =001 NUTBA000000000003278 =005 20140812154851.0 =006 =007 =008 =020 ##$$a 978-979-084-981 5 =035 ##$$a 0010-081400000000122 =040 ##$$a NBPDMAT =082 ##$$a 510 =090 ##$$a 510 $b Sis m =100 ##$$a Siswanto =245 ##$$a Matematika untuk kelas XII SMA dan MA program IPS dan bahasa / $c Siswanto =260 ##$$a Jakarta : $b Global. $c 2013 =300 ##$$a 202 hlm. ; $c 25 cm =650 ##$$a Matematika-SMA =990 ##$$a 21406512 =990 ##$$a 0001/BPAP-NTB/20142014 =990 ##$$a 0001/BPAP-NTB/20142014 =990 ##$$a 0001/BPAP-NTB/20142014 =990 ##$$a 0001/BPAP-NTB/20142014